[Event "BL 1617 DJK Aachen - SV Griesheim"]
[Site "?"]
[Date "2016.11.19"]
[Round "3.7"]
[White "Koehler, Ronald"]
[Black "Braun, Christian"]
[Result "0-1"]
[WhiteElo "2282"]
[BlackElo "2377"]
[PlyCount "122"]
[EventDate "2016.??.??"]

1. d4 Nf6 2. c4 g6 3. Nc3 Bg7 4. e4 d6 5. f4 Bg4 6. Be2 Bxe2 7. Qxe2 Nc6 8. Nf3
e5 9. fxe5 dxe5 10. dxe5 Ng4 11. Bg5 Nd4 12. Bxd8 Nxe2 13. Kxe2 Rxd8 14. Rad1
Nxe5 15. Nxe5 Rxd1 16. Nxd1 Bxe5 17. Nf2 Ke7 18. Nd3 Bd4 19. b3 h5 20. h3 c6
21. Rd1 Re8 22. Kf3 Rd8 23. Nf4 Rd6 24. a4 a5 25. Rd2 Kf6 26. Nd3 Bc3 27. Rd1
Kg5 28. g3 h4 29. g4 Bd4 30. Re1 Ba7 31. Ke2 Rd4 32. Kd2 Bb8 33. e5 Rd8 34. Rf1
Rd7 35. Ke3 Ba7+ 36. Kd2 Bd4 37. Re1 Re7 38. Re2 Re6 39. Kd1 c5 40. Kd2 b6 41.
Re1 Re8 42. Re2 Re7 43. Re1 Re6 44. Re2 f6 45. exf6 Rxf6 46. Ne1 Kf4 47. Rg2
Re6 48. g5 Re3 49. Rg4+ Kf5 50. Rxh4 Kxg5 51. Rh7 Rxb3 52. Nc2 Rc3 53. h4+ Kf5
54. Nxd4+ cxd4 55. h5 Rxc4 56. Rf7+ Kg5 57. hxg6 Kxg6 58. Rd7 Kf5 59. Rd6 Rb4
60. Rh6 Ke4 61. Rg6 Kd5 0-1

[Event "BL 1617 DJK Aachen - SV Griesheim"]
[Site "?"]
[Date "2016.11.19"]
[Round "3.8"]
[White "van Foreest, Lucas"]
[Black "Spitzl, Vinzent"]
[Result "1/2-1/2"]
[WhiteElo "2384"]
[BlackElo "2144"]
[PlyCount "44"]
[EventDate "2016.??.??"]

1. e4 c5 2. c3 d5 3. exd5 Qxd5 4. d4 Nc6 5. Nf3 Bg4 6. Be2 e6 7. Na3 cxd4 8.
Nb5 Rc8 9. Nbxd4 Nxd4 10. Qa4+ b5 11. Qxd4 Bxf3 12. Bxf3 Qxd4 13. cxd4 Nf6 14.
Be2 Bb4+ 15. Kd1 O-O 16. a3 Ba5 17. Be3 Rfd8 18. Rc1 Rxc1+ 19. Kxc1 b4 20. axb4
Bxb4 21. Bf3 Nd5 22. Kc2 Ba5 1/2-1/2

[Event "BL 1617 SK König Tegel - Bayern Münch"]
[Site "?"]
[Date "2016.11.19"]
[Round "3.1"]
[White "Bischoff, Klaus"]
[Black "Stern, Rene"]
[Result "1/2-1/2"]
[WhiteElo "2504"]
[BlackElo "2521"]
[PlyCount "51"]
[EventDate "2016.??.??"]

1. c4 e5 2. Nc3 Bb4 3. Qc2 d6 4. e3 c5 5. Nge2 Nc6 6. a3 Ba5 7. d3 f5 8. Bd2
Nf6 9. g3 O-O 10. Bg2 Bd7 11. O-O Rb8 12. f4 Qe8 13. Nd5 Bxd2 14. Qxd2 Ne7 15.
Nxf6+ Rxf6 16. fxe5 dxe5 17. Nc3 Be6 18. Nd5 Bxd5 19. cxd5 Nc8 20. Qc3 b6 21.
b4 cxb4 22. Qxb4 Nd6 23. Rac1 Rd8 24. Rc6 e4 25. dxe4 Nxe4 26. Bxe4 1/2-1/2

[Event "BL 1617 SK König Tegel - Bayern Münch"]
[Site "?"]
[Date "2016.11.19"]
[Round "3.2"]
[White "Rabiega, Robert"]
[Black "Fedorovsky, Michael"]
[Result "1/2-1/2"]
[WhiteElo "2498"]
[BlackElo "2493"]
[PlyCount "41"]
[EventDate "2016.??.??"]

1. e4 c5 2. c3 d5 3. exd5 Qxd5 4. d4 Nf6 5. Nf3 Bg4 6. Be2 e6 7. h3 Bh5 8. O-O
Nc6 9. Be3 cxd4 10. Nxd4 Bxe2 11. Qxe2 Nxd4 12. Bxd4 Be7 13. Rd1 Qc6 14. Nd2
O-O 15. Nc4 Rfd8 16. Ne5 Qe4 17. Qxe4 Nxe4 18. Be3 Bc5 19. Nc4 Bxe3 20. Nxe3
Kf8 21. Kf1 1/2-1/2

[Event "BL 1617 SK König Tegel - Bayern Münch"]
[Site "?"]
[Date "2016.11.19"]
[Round "3.3"]
[White "Dragnev, Valentin"]
[Black "Moreno Tejera, Emilio"]
[Result "1-0"]
[WhiteElo "2462"]
[BlackElo "2437"]
[PlyCount "119"]
[EventDate "2016.??.??"]

1. e4 e5 2. Nf3 Nc6 3. Bb5 a6 4. Ba4 Nf6 5. O-O Be7 6. Re1 b5 7. Bb3 d6 8. c3
O-O 9. h3 Na5 10. Bc2 c5 11. d4 Nd7 12. b3 Bf6 13. d5 Nb6 14. Nbd2 Bd7 15. Nf1
g6 16. g4 Bg7 17. Ng3 c4 18. Be3 cxb3 19. axb3 Nb7 20. Kh2 Qc7 21. Rg1 f6 22.
Nh4 Rf7 23. Qe2 Be8 24. Ra2 Nd7 25. Bd2 Nb6 26. Rga1 Nc5 27. Ng2 Qc8 28. Ne1
Rfa7 29. f4 exf4 30. Bxf4 Qd8 31. Nf3 Re7 32. Qd2 Qc7 33. Nd4 Rc8 34. Rd1 a5
35. Raa1 a4 36. b4 Nc4 37. Qg2 Nb7 38. Rg1 Nd8 39. g5 f5 40. exf5 Ne3 41. Bxe3
Rxe3 42. f6 Bf8 43. Ne4 Bd7 44. Qf2 Rxc3 45. Rac1 Ra3 46. f7+ Nxf7 47. Nf6+ Kh8
48. Bf5 Qxc1 49. Rxc1 Bxf5 50. Rxc8 Rxh3+ 51. Kg2 Bxc8 52. Nd7 Kg8 53. Nxf8
Kxf8 54. Ne6+ Ke8 55. Kxh3 Nxg5+ 56. Kg2 Nxe6 57. dxe6 Bxe6 58. Qe2 Kf7 59.
Qxb5 a3 60. Qb7+ 1-0

[Event "BL 1617 SK König Tegel - Bayern Münch"]
[Site "?"]
[Date "2016.11.19"]
[Round "3.4"]
[White "Muse, Mladen"]
[Black "Johansson, Linus"]
[Result "1/2-1/2"]
[WhiteElo "2387"]
[BlackElo "2407"]
[PlyCount "113"]
[EventDate "2016.??.??"]

1. Nf3 d5 2. d4 Nf6 3. g3 c6 4. Bg2 Bf5 5. O-O h6 6. c4 e6 7. Nc3 Be7 8. Qb3
Qb6 9. c5 Qxb3 10. axb3 Na6 11. Ne5 Nc7 12. f3 Nd7 13. Nxd7 Kxd7 14. e4 Bh7 15.
b4 a6 16. Na4 Rae8 17. Nb6+ Kd8 18. Be3 f5 19. e5 g5 20. f4 Nb5 21. Rad1 Bg6
22. Bf3 Reg8 23. Na4 Bf7 24. Kf2 Kc7 25. Nc3 Na7 26. Rg1 g4 27. Bg2 h5 28. Bf1
h4 29. Bd3 Be8 30. Rg2 Bd7 31. Ra1 Ra8 32. Ke2 Kd8 33. Kd2 Ke8 34. Kc2 Bd8 35.
Bf2 Kf7 36. Be2 Be7 37. Be3 Rh6 38. Kd2 Rah8 39. Rf2 Bd8 40. Rg2 Bc7 41. Rf2
Ke7 42. Rg2 Bc8 43. Rf2 Kd7 44. Rg2 Nb5 45. Rf2 hxg3 46. hxg3 Rh2 47. Rxh2 Rxh2
48. Rf1 Bd8 49. Rf2 Rh3 50. Rg2 Rh1 51. Bg1 Ke8 52. Nd1 b6 53. Bxb5 axb5 54.
Nf2 Rh7 55. Rh2 Rxh2 56. Bxh2 bxc5 57. dxc5 1/2-1/2

[Event "BL 1617 SK König Tegel - Bayern Münch"]
[Site "?"]
[Date "2016.11.19"]
[Round "3.5"]
[White "Lindgren, Philip"]
[Black "Bruedigam, Martin"]
[Result "1/2-1/2"]
[WhiteElo "2424"]
[BlackElo "2408"]
[PlyCount "60"]
[EventDate "2016.??.??"]

1. d4 Nf6 2. c4 e6 3. Nf3 Bb4+ 4. Nbd2 d6 5. a3 Bxd2+ 6. Qxd2 Nbd7 7. e3 b6 8.
Be2 Bb7 9. O-O a5 10. b3 O-O 11. Bb2 Be4 12. Ne1 Re8 13. f3 Bb7 14. e4 e5 15.
Nc2 Nf8 16. Ne3 N6d7 17. Rfd1 exd4 18. Qxd4 Ne6 19. Qc3 Qg5 20. Bf1 Nf4 21. Kh1
Nc5 22. Re1 f6 23. Rad1 Rxe4 24. fxe4 Nxe4 25. Qc2 Nh3 26. Rd2 Qh4 27. Ree2 Qf4
28. Re1 Qh4 29. Ree2 Qf4 30. Re1 Qh4 1/2-1/2

[Event "BL 1617 SK König Tegel - Bayern Münch"]
[Site "?"]
[Date "2016.11.19"]
[Round "3.6"]
[White "Fruebing, Stefan"]
[Black "Ribli, Zoltan"]
[Result "1/2-1/2"]
[WhiteElo "2381"]
[BlackElo "2555"]
[PlyCount "45"]
[EventDate "2016.??.??"]

1. e4 c5 2. Nf3 e6 3. d4 cxd4 4. Nxd4 Nc6 5. Nc3 Qc7 6. Be2 a6 7. O-O Nf6 8.
Be3 Be7 9. f4 d6 10. a4 O-O 11. Qe1 Nxd4 12. Bxd4 e5 13. fxe5 dxe5 14. Qg3 Bc5
15. Bxc5 Qxc5+ 16. Kh1 Kh8 17. Rxf6 gxf6 18. Qh4 Rg8 19. Qxf6+ Rg7 20. Qd8+ Rg8
21. Qf6+ Rg7 22. Qd8+ Rg8 23. Qf6+ 1/2-1/2

[Event "BL 1617 SK König Tegel - Bayern Münch"]
[Site "?"]
[Date "2016.11.19"]
[Round "3.7"]
[White "Schneider, Stefan"]
[Black "Muse, Drazen"]
[Result "1/2-1/2"]
[WhiteElo "2353"]
[BlackElo "2358"]
[PlyCount "40"]
[EventDate "2016.??.??"]

1. d4 e6 2. c4 f5 3. g3 Nf6 4. Bg2 Be7 5. Nd2 O-O 6. Qc2 Nc6 7. Ngf3 Qe8 8. a3
Qh5 9. d5 Nd8 10. Nd4 c6 11. O-O Kh8 12. dxe6 dxe6 13. Bf3 Qh3 14. Bg2 Qh5 15.
Bf3 Qh3 16. Bg2 Qh5 17. Bf3 Qh3 18. Bg2 Qh5 19. Bf3 Qh3 20. Bg2 Qh5 1/2-1/2

[Event "BL 1617 SK König Tegel - Bayern Münch"]
[Site "?"]
[Date "2016.11.19"]
[Round "3.8"]
[White "Von Herman, Ulf"]
[Black "Reich, Thomas"]
[Result "1-0"]
[WhiteElo "2340"]
[BlackElo "2361"]
[PlyCount "81"]
[EventDate "2016.??.??"]

1. d4 Nf6 2. c4 g6 3. Nc3 Bg7 4. e4 O-O 5. Bg5 d6 6. h3 c5 7. d5 e6 8. Bd3 exd5
9. exd5 Nbd7 10. Nf3 Re8+ 11. Be2 h6 12. Be3 Ne4 13. Nxe4 Rxe4 14. Qd2 Qf6 15.
Rb1 Ne5 16. Nxe5 Qxe5 17. O-O Bf5 18. Bd3 Rh4 19. f4 Qf6 20. Bxf5 Qxf5 21. Rbe1
Re8 22. Bf2 Rxe1 23. Bxe1 Bd4+ 24. Kh2 g5 25. Bxh4 gxh4 26. Qe2 h5 27. Kh1 Kg7
28. Re1 Kg6 29. Qe4 Bxb2 30. Qxf5+ Kxf5 31. Re7 b5 32. cxb5 c4 33. Rxa7 Bd4 34.
Rc7 Bc5 35. Re7 c3 36. Re2 Bb6 37. Rc2 Ba5 38. b6 Bxb6 39. Rxc3 Ke4 40. Rc6 Bc5
41. Rxc5 1-0

[Event "BL 1617 Schachfr. Berlin - MSA Zugzwang"]
[Site "?"]
[Date "2016.11.19"]
[Round "3.1"]
[White "Bromberger, Stefan"]
[Black "Melkumyan, Hrant"]
[Result "1/2-1/2"]
[WhiteElo "2535"]
[BlackElo "2631"]
[PlyCount "147"]
[EventDate "2016.??.??"]

1. e4 e6 2. d4 d5 3. Nc3 dxe4 4. Nxe4 Bd7 5. Nf3 Bc6 6. Bd3 Nd7 7. Qe2 Ngf6 8.
Nxf6+ Nxf6 9. Bf4 Nd5 10. Bd2 Nb4 11. Bxb4 Bxb4+ 12. c3 Bd6 13. Be4 Bxe4 14.
Qxe4 c6 15. O-O Qa5 16. a4 Qd5 17. Rfe1 O-O 18. a5 Rfd8 19. b4 Bc7 20. Ne5 Rac8
21. f4 Bd6 22. Rad1 Bf8 23. Qd3 g6 24. h4 Bg7 25. Qh3 b6 26. axb6 axb6 27. h5
Ra8 28. hxg6 hxg6 29. Rd3 Ra7 30. Qh4 Rda8 31. Rh3 Ra1 32. Rxa1 Rxa1+ 33. Kh2
Ra2 34. Qh7+ Kf8 35. Rg3 Ra7 36. Qh4 Qd6 37. c4 Ra8 38. c5 bxc5 39. dxc5 Qc7
40. Qg5 Kg8 41. Ng4 Qd8 42. Nh6+ Bxh6 43. Qxh6 Qd4 44. Rh3 Ra1 45. Qh7+ Kf8 46.
Qh8+ Qxh8 47. Rxh8+ Ke7 48. Rc8 Rb1 49. Rxc6 Rxb4 50. Rc7+ Kf6 51. Kg3 Rb3+ 52.
Kf2 Rc3 53. g4 g5 54. fxg5+ Kg6 55. Kg2 Rd3 56. c6 Rc3 57. Rc8 Kxg5 58. c7 Kf4
59. g5 Rc2+ 60. Kf1 Kf3 61. Ke1 Ke3 62. Kf1 Kf3 63. Ke1 Ke3 64. Kf1 Ke4 65. g6
fxg6 66. Re8 Rxc7 67. Rxe6+ Kf5 68. Re3 Kf4 69. Ra3 Rc2 70. Kg1 Re2 71. Kf1 Re3
72. Ra2 g5 73. Kg2 Re4 74. Rf2+ 1/2-1/2

[Event "BL 1617 Schachfr. Berlin - MSA Zugzwang"]
[Site "?"]
[Date "2016.11.19"]
[Round "3.2"]
[White "Piorun, Kacper"]
[Black "Mons, Leon"]
[Result "1-0"]
[WhiteElo "2660"]
[BlackElo "2461"]
[PlyCount "65"]
[EventDate "2016.??.??"]

1. e4 e5 2. Nf3 Nc6 3. Bc4 Nf6 4. Ng5 d5 5. exd5 Na5 6. Bb5+ c6 7. dxc6 bxc6 8.
Be2 h6 9. Nh3 Bd6 10. d3 O-O 11. O-O Nd5 12. Kh1 Be6 13. Nd2 c5 14. Ne4 Be7 15.
Bf3 Rb8 16. Re1 Qc7 17. Nc3 Nxc3 18. bxc3 Rfd8 19. Qe2 Bf6 20. Be4 c4 21. Qf3
cxd3 22. cxd3 Be7 23. Qg3 f5 24. Bxh6 Bf6 25. Bf3 Qxc3 26. Rac1 Qb4 27. Qg6 Qe7
28. Ng5 Bxa2 29. Qh7+ Kf8 30. Qh8+ Bg8 31. Nh7+ Kf7 32. Nxf6 Kxf6 33. Bf4 1-0

[Event "BL 1617 Schachfr. Berlin - MSA Zugzwang"]
[Site "?"]
[Date "2016.11.19"]
[Round "3.3"]
[White "Hertneck, Gerald"]
[Black "Vocaturo, Daniele"]
[Result "1-0"]
[WhiteElo "2478"]
[BlackElo "2599"]
[PlyCount "137"]
[EventDate "2016.??.??"]

1. d4 Nf6 2. c4 g6 3. Nc3 Bg7 4. e4 d6 5. Nf3 O-O 6. Be2 e5 7. O-O Nc6 8. d5
Ne7 9. b4 a5 10. bxa5 c5 11. Ne1 Rxa5 12. Nd3 Nd7 13. Nb5 Ra6 14. Be3 f5 15. f3
Nf6 16. Nc3 f4 17. Bf2 g5 18. a4 Ng6 19. a5 Rf7 20. Be1 h5 21. Na4 g4 22. Nb6
g3 23. Nxc8 gxh2+ 24. Kxh2 Qxc8 25. Rh1 Bh6 26. Kg1 Rg7 27. Rb1 Bg5 28. Rh3 h4
29. Nf2 Nf8 30. Rb5 Nh5 31. Qb1 Ng3 32. Bd1 Nh7 33. Ng4 Nf6 34. Nh2 Nh7 35. Ng4
Nf6 36. Nf2 Nfh5 37. Ng4 Kf8 38. Bc3 Bd8 39. Kf2 Nf6 40. Nxe5 dxe5 41. Bxe5 Rf7
42. Bc3 Qa8 43. e5 Bxa5 44. Rxa5 Rxa5 45. e6 Ra2+ 46. Kg1 Nfe4 47. Rxh4 Rf2 48.
Rh8+ Ke7 49. d6+ Kxe6 50. Rh6+ Kf5 51. fxe4+ Kg5 52. Kxf2 Kxh6 53. Qd3 b5 54.
Bc2 b4 55. Bd2 Nh1+ 56. Kf3 Qg8 57. g4 b3 58. Qxb3 Qd8 59. Qc3 Nf2 60. Qe5 Nxg4
61. Bxf4+ Kg6 62. Kxg4 Qd7+ 63. Kg3 Kh7 64. Qh5+ Kg8 65. Be5 Rh7 66. Qg6+ Kf8
67. Qf5+ Ke8 68. Ba4 Qxa4 69. Qxh7 1-0

[Event "BL 1617 Schachfr. Berlin - MSA Zugzwang"]
[Site "?"]
[Date "2016.11.19"]
[Round "3.4"]
[White "Kraemer, Martin"]
[Black "Schramm, Christian"]
[Result "1-0"]
[WhiteElo "2571"]
[BlackElo "2390"]
[PlyCount "77"]
[EventDate "2016.??.??"]

1. d4 Nf6 2. c4 e6 3. Nc3 Bb4 4. e3 O-O 5. Bd3 c5 6. Nf3 d5 7. O-O cxd4 8. exd4
dxc4 9. Bxc4 Nc6 10. a3 Be7 11. Re1 b6 12. d5 Na5 13. Ba2 Nxd5 14. Nxd5 exd5
15. Qxd5 Be6 16. Qxd8 Rfxd8 17. Bxe6 fxe6 18. Rxe6 Bf6 19. Bg5 Bxb2 20. Rb1 Kf7
21. Re7+ Kg6 22. Rxb2 Rd1+ 23. Ne1 Kxg5 24. Rbe2 Kh6 25. g4 Nb3 26. R2e6+ g6
27. Kg2 Nd4 28. Re5 Rh8 29. Rd5 Nc6 30. Rxh7+ Rxh7 31. Rxd1 b5 32. Nf3 Rb7 33.
Rd6 Rb6 34. h4 Kg7 35. Kg3 Ra6 36. Kf4 b4 37. axb4 Nxb4 38. Rd7+ Kf6 39. Ng5
1-0

[Event "BL 1617 Schachfr. Berlin - MSA Zugzwang"]
[Site "?"]
[Date "2016.11.19"]
[Round "3.5"]
[White "Zysk, Robert"]
[Black "Dvirnyy, Daniyyl"]
[Result "1/2-1/2"]
[WhiteElo "2385"]
[BlackElo "2552"]
[PlyCount "47"]
[EventDate "2016.??.??"]

1. Nf3 c5 2. c4 Nc6 3. Nc3 g6 4. e3 Bg7 5. d4 d6 6. d5 Nb8 7. e4 Bg4 8. Be2 Nd7
9. Qc2 Ngf6 10. O-O O-O 11. Bf4 Ne8 12. Rad1 a6 13. Rfe1 Bxf3 14. Bxf3 b5 15.
Be2 bxc4 16. Bxc4 Nc7 17. b3 Rb8 18. a4 Rb4 19. Na2 Rb7 20. Nc1 Bd4 21. Be3 Bg7
22. Bf4 Bd4 23. Be3 Bg7 24. Bf4 1/2-1/2

[Event "BL 1617 Schachfr. Berlin - MSA Zugzwang"]
[Site "?"]
[Date "2016.11.19"]
[Round "3.6"]
[White "Sprenger, Jan Michael"]
[Black "Dr. Hoffmeyer, Falk"]
[Result "1-0"]
[WhiteElo "2512"]
[BlackElo "2354"]
[PlyCount "67"]
[EventDate "2016.??.??"]

1. e4 c6 2. d4 d5 3. e5 Bf5 4. Nf3 e6 5. Be2 c5 6. Be3 cxd4 7. Nxd4 Ne7 8. Nd2
Nbc6 9. N2f3 Be4 10. O-O Ng6 11. Bb5 Qc7 12. Ng5 Ngxe5 13. c4 a6 14. Ba4 Nxc4
15. Nxe4 dxe4 16. Nxc6 bxc6 17. Rc1 Rd8 18. Qe2 Ne5 19. Qxa6 Bd6 20. Bb6 Qc8
21. Qa5 Rd7 22. Rfd1 Qb8 23. Bd4 Bc7 24. Qc5 f6 25. Bxe5 Rxd1+ 26. Rxd1 Bxe5
27. Qxc6+ Kf7 28. Rd7+ Kg6 29. Qxe6 h5 30. Qf7+ Kf5 31. g3 h4 32. Qxg7 h3 33.
Bd1 Bxb2 34. Bg4+ 1-0

[Event "BL 1617 Schachfr. Berlin - MSA Zugzwang"]
[Site "?"]
[Date "2016.11.19"]
[Round "3.7"]
[White "Eichler, Christoph"]
[Black "Jakubowski, Krzysztof"]
[Result "0-1"]
[WhiteElo "2325"]
[BlackElo "2524"]
[PlyCount "78"]
[EventDate "2016.??.??"]

1. Nf3 c5 2. e4 e6 3. b3 b6 4. d4 cxd4 5. Nxd4 Bb7 6. Nb5 Na6 7. Bb2 Nf6 8. e5
Ne4 9. Nd2 Nac5 10. Nxe4 Nxe4 11. Bd3 Rc8 12. O-O a6 13. Qe2 Nc5 14. Nd6+ Bxd6
15. exd6 Nxd3 16. Qxd3 Rc5 17. c4 h5 18. Rae1 h4 19. h3 b5 20. f3 bxc4 21. bxc4
Rg5 22. Bd4 Bc6 23. Rb1 O-O 24. Rf2 e5 25. Bc3 Re8 26. Rbb2 Rg3 27. Qf5 Rg5 28.
Qd3 e4 29. fxe4 Rxe4 30. Qb1 Re8 31. Qf1 Rg6 32. Rxf7 Qg5 33. Re7 Rxe7 34. dxe7
Qxe7 35. Qd3 Qg5 36. Qd2 Qf5 37. Qd1 Rg3 38. Be1 Qc5+ 39. Kh2 Qe5 0-1

[Event "BL 1617 Schachfr. Berlin - MSA Zugzwang"]
[Site "?"]
[Date "2016.11.19"]
[Round "3.8"]
[White "Baldauf, Marco"]
[Black "Lammers, Markus"]
[Result "1-0"]
[WhiteElo "2431"]
[BlackElo "2318"]
[PlyCount "107"]
[EventDate "2016.??.??"]

1. c4 c5 2. Nf3 Nf6 3. Nc3 Nc6 4. d4 cxd4 5. Nxd4 g6 6. e4 Bg7 7. Be3 O-O 8.
Be2 d6 9. O-O a6 10. Rc1 Nxd4 11. Bxd4 Bd7 12. f3 b5 13. c5 e5 14. Be3 dxc5 15.
Bxc5 Re8 16. Qd2 Be6 17. Qe3 Bf8 18. Rfd1 Bxc5 19. Qxc5 Qb8 20. a3 Rc8 21. Qe3
Qa7 22. Kf2 Qe7 23. g3 Bb3 24. Re1 Qe6 25. Nb1 h5 26. Rxc8+ Rxc8 27. Rc1 Bc2
28. Nc3 Bb3 29. Nb1 Rc2 30. Rxc2 Bxc2 31. Nd2 Qc6 32. Qc3 Qxc3 33. bxc3 Ne8 34.
c4 Nd6 35. cxb5 axb5 36. Ke3 Kf8 37. f4 f6 38. fxe5 fxe5 39. Nf3 Bxe4 40. Nxe5
Ke7 41. Kd4 Ke6 42. Nd3 Kf5 43. Nb4 Bg2 44. Nd5 Bh1 45. Nc7 h4 46. gxh4 Kf4 47.
h5 gxh5 48. Bxh5 Nc4 49. Nxb5 Nxa3 50. Nxa3 Bf3 51. Bxf3 Kxf3 52. Nc4 Kg4 53.
Ne3+ Kh3 54. Nf1 1-0

[Event "BL 1617 Schwäbisch Hall - SP Schwegenh"]
[Site "?"]
[Date "2016.11.20"]
[Round "4.1"]
[White "Neiksans, Arturs"]
[Black "Inarkiev, Ernesto"]
[Result "0-1"]
[WhiteElo "2629"]
[BlackElo "2714"]
[PlyCount "158"]
[EventDate "2016.??.??"]

1. c4 e5 2. g3 Nc6 3. Bg2 g6 4. Nc3 Bg7 5. Rb1 a5 6. a3 f5 7. b4 axb4 8. axb4
Nf6 9. b5 Ne7 10. Bb2 O-O 11. Nf3 d6 12. O-O h6 13. d3 g5 14. c5 Be6 15. b6 c6
16. cxd6 Qxd6 17. Qc2 Nd7 18. Bc1 Nd5 19. Nxd5 cxd5 20. Qc7 Qxc7 21. bxc7 e4
22. Nd2 Rfc8 23. Rxb7 Nc5 24. Rb6 Rxc7 25. Bb2 Ra2 26. Bxg7 Kxg7 27. Nb1 d4 28.
dxe4 Rxe2 29. Rd6 d3 30. Nc3 fxe4 31. Rxe6 Nxe6 32. Nxe2 dxe2 33. Re1 Nd4 34.
Bxe4 g4 35. Kg2 Rf7 36. Bd3 Re7 37. Bc4 Re5 38. Bd3 Kf6 39. Bc4 Ke7 40. Bd3 Kd6
41. Bc4 Re8 42. Ba6 Re6 43. Bc4 Re7 44. Bd3 Kd5 45. Ba6 Re5 46. Bd3 Re6 47. Kh1
Kc5 48. Rc1+ Kd6 49. Re1 Kd5 50. Kg2 h5 51. Kh1 Rb6 52. Rxe2 Nxe2 53. Bxe2 Rb2
54. Bd3 Rxf2 55. Bg6 h4 56. Kg1 Rb2 57. Bf5 Rb4 58. gxh4 Ke5 59. Bd7 Kf4 60.
Kf2 Rb2+ 61. Kg1 Rb6 62. Kg2 Rh6 63. Bc8 Rxh4 64. Bb7 Rh6 65. Bd5 Rd6 66. Bb7
Rd2+ 67. Kg1 Kg5 68. Ba6 Rd6 69. Bb5 Rb6 70. Bc4 Rc6 71. Bb5 Rb6 72. Bc4 Kf4
73. Bd5 Rd6 74. Bb7 Kg5 75. Bg2 Kh4 76. Be4 Rd1+ 77. Kg2 Rd2+ 78. Kg1 Kh3 79.
Bf5 Rg2+ 0-1

[Event "BL 1617 Schwäbisch Hall - SP Schwegenh"]
[Site "?"]
[Date "2016.11.20"]
[Round "4.2"]
[White "Jakovenko, Dmitry"]
[Black "Kantans, Toms"]
[Result "1-0"]
[WhiteElo "2709"]
[BlackElo "2469"]
[PlyCount "61"]
[EventDate "2016.??.??"]

1. e4 c5 2. Nf3 d6 3. d4 cxd4 4. Nxd4 Nf6 5. Nc3 a6 6. f3 e5 7. Nb3 Be6 8. Be3
Nbd7 9. Qd2 h5 10. Nd5 Nxd5 11. exd5 Bf5 12. Be2 Be7 13. O-O O-O 14. Na5 Qc7
15. c4 Bg6 16. b4 f5 17. Rac1 Rae8 18. c5 f4 19. cxd6 Qxd6 20. Bc5 Nxc5 21.
bxc5 Qd7 22. d6 Bd8 23. Qd5+ Rf7 24. Nc4 e4 25. Nb6 Qf5 26. fxe4 Qf6 27. Nd7
Qb2 28. Bf3 Bf6 29. Nxf6+ Qxf6 30. d7 Rd8 31. c6 1-0

[Event "BL 1617 Schwäbisch Hall - SP Schwegenh"]
[Site "?"]
[Date "2016.11.20"]
[Round "4.3"]
[White "Meskovs, Nikita"]
[Black "Rodshtein, Maxim"]
[Result "0-1"]
[WhiteElo "2489"]
[BlackElo "2696"]
[PlyCount "112"]
[EventDate "2016.??.??"]

1. d4 Nf6 2. c4 g6 3. Nc3 d5 4. Bg5 Ne4 5. Bh4 Nxc3 6. bxc3 dxc4 7. e3 Be6 8.
Nf3 Nd7 9. Be2 Bg7 10. O-O Nb6 11. Qc2 O-O 12. Rfb1 Qd7 13. a4 a5 14. e4 f5 15.
Ng5 fxe4 16. Nxe6 Qxe6 17. Re1 Rae8 18. Bf3 Qd7 19. Qxe4 e5 20. Qxb7 exd4 21.
Rxe8 Rxe8 22. Bc6 Qc8 23. Qxc8 Rxc8 24. cxd4 Bxd4 25. Rd1 Bc5 26. Kf1 Kf7 27.
f4 Rb8 28. Ke2 Nc8 29. Bd5+ Kg7 30. Bxc4 Nd6 31. Rd5 Rb2+ 32. Kf3 Bb6 33. Bd3
Ra2 34. Bd8 Rf2+ 35. Kg3 Rd2 36. Kh3 Ra2 37. g3 Rd2 38. g4 Kf8 39. f5 gxf5 40.
gxf5 Nf7 41. Bf6 c6 42. Rd7 Bc5 43. Bc3 Rd1 44. Rxf7+ Kxf7 45. Bc4+ Kf8 46.
Bxa5 Rd4 47. Be6 Rxa4 48. Bd2 Bd4 49. Bd7 Rc4 50. Be6 Rc2 51. Bh6+ Ke7 52. Bf4
c5 53. Bg8 h5 54. Kg3 Kf6 55. Kh4 Be5 56. Bb3 Rb2 0-1

[Event "BL 1617 Schwäbisch Hall - SP Schwegenh"]
[Site "?"]
[Date "2016.11.20"]
[Round "4.4"]
[White "Postny, Evgeny"]
[Black "Shytaj, Luca"]
[Result "1-0"]
[WhiteElo "2616"]
[BlackElo "2439"]
[PlyCount "75"]
[EventDate "2016.??.??"]

1. d4 Nf6 2. c4 e6 3. Nf3 a6 4. Nc3 Bb4 5. Qb3 c5 6. a3 Bxc3+ 7. Qxc3 cxd4 8.
Nxd4 d5 9. e3 O-O 10. Be2 dxc4 11. Bxc4 b5 12. Be2 Bb7 13. O-O Nbd7 14. a4 Rc8
15. Qa3 bxa4 16. Qxa4 Nd5 17. Bd2 Nc5 18. Qa3 Qg5 19. Nf3 Qf6 20. Rfc1 Ne4 21.
Be1 h6 22. Bd3 Ng5 23. Nxg5 Qxg5 24. Bf1 Qe5 25. b4 Rxc1 26. Rxc1 Rb8 27. Rc5
Qe4 28. Bd3 Qh4 29. Bf1 Qe4 30. Qa1 Rd8 31. Rc4 Qg6 32. Qc1 e5 33. Rc5 Qb6 34.
Qc4 Qg6 35. Qa2 Nxb4 36. Qa5 Rd1 37. Qxb4 Rb1 38. Qd2 1-0

[Event "BL 1617 Schwäbisch Hall - SP Schwegenh"]
[Site "?"]
[Date "2016.11.20"]
[Round "4.5"]
[White "Bratanov, Zsivko"]
[Black "Cornette, Matthieu"]
[Result "0-1"]
[WhiteElo "2409"]
[BlackElo "2599"]
[PlyCount "50"]
[EventDate "2016.??.??"]

1. d4 Nf6 2. Nf3 g6 3. Bg5 Bg7 4. Nbd2 O-O 5. e4 d5 6. exd5 Nxd5 7. c3 h6 8.
Be3 e5 9. Nc4 e4 10. Nfe5 Kh7 11. h4 f6 12. Ng4 b5 13. Na5 c6 14. Nb3 h5 15.
Nh2 Nxe3 16. fxe3 Qd6 17. Kd2 f5 18. Be2 Bh6 19. Qg1 f4 20. Rf1 Bf5 21. g4 fxg3
22. Ng4 hxg4 23. h5 Nd7 24. hxg6+ Kxg6 25. Qg2 Bg5 0-1

[Event "BL 1617 Schwäbisch Hall - SP Schwegenh"]
[Site "?"]
[Date "2016.11.20"]
[Round "4.6"]
[White "Le Roux, Jean-Pierre"]
[Black "Commercon, Simon"]
[Result "1-0"]
[WhiteElo "2549"]
[BlackElo "2266"]
[PlyCount "127"]
[EventDate "2016.??.??"]

1. e4 d5 2. exd5 Qxd5 3. Nf3 Bg4 4. Be2 Nc6 5. h3 Bxf3 6. Bxf3 Qe6+ 7. Qe2
Qxe2+ 8. Bxe2 Nd4 9. Bd1 O-O-O 10. O-O Nf6 11. Re1 e6 12. c3 Nf5 13. Bc2 Nh4
14. d4 Bd6 15. Kf1 Ng6 16. g3 Rde8 17. Nd2 c6 18. Nf3 Ne7 19. Bd2 h6 20. a4 g5
21. a5 Reg8 22. a6 b5 23. Ne5 Bxe5 24. dxe5 Nd7 25. b3 Nb6 26. Be4 Kc7 27. Rac1
Rd8 28. Be3 Nf5 29. Bc5 Nd7 30. Bb4 c5 31. Ba5+ Nb6 32. Bxf5 exf5 33. e6 fxe6
34. Rxe6 Rhe8 35. Rxh6 Rd2 36. Re1 Rxe1+ 37. Kxe1 Ra2 38. b4 f4 39. gxf4 gxf4
40. Rf6 Ra3 41. Rf7+ Kc6 42. Rxa7 f3 43. Kd1 Nd5 44. Rf7 Nxc3+ 45. Kc1 cxb4 46.
Bxb4 Ne2+ 47. Kb2 Rxa6 48. Rf6+ Kb7 49. Rxa6 Kxa6 50. Bd2 Kb7 51. h4 Nd4 52. h5
Ne6 53. h6 Nf8 54. Bb4 Nh7 55. Kc3 Kc6 56. Kd4 Ng5 57. Be7 Nh7 58. Ke5 Kd7 59.
Bb4 Ng5 60. Kf5 Nf7 61. h7 Ke8 62. Kf6 Nh8 63. Kg7 Nf7 64. Ba3 1-0

[Event "BL 1617 Schwäbisch Hall - SP Schwegenh"]
[Site "?"]
[Date "2016.11.20"]
[Round "4.7"]
[White "Kraemer, Enrico"]
[Black "Raykhman, Alexander"]
[Result "1/2-1/2"]
[WhiteElo "2209"]
[BlackElo "2412"]
[PlyCount "44"]
[EventDate "2016.??.??"]

1. d4 Nf6 2. c4 g6 3. Nc3 Bg7 4. e4 d6 5. f3 O-O 6. Be3 a6 7. Nge2 Nbd7 8. Qd2
c5 9. Rd1 b6 10. Ng3 cxd4 11. Bxd4 h5 12. Be2 h4 13. Nf1 e6 14. Bf2 Nh5 15. g4
hxg3 16. hxg3 b5 17. g4 Nhf6 18. Qxd6 Qa5 19. a3 Rb8 20. c5 b4 21. axb4 Rxb4
22. Rd2 Re8 1/2-1/2

[Event "BL 1617 Schwäbisch Hall - SP Schwegenh"]
[Site "?"]
[Date "2016.11.20"]
[Round "4.8"]
[White "Zpevak, Pavel"]
[Black "Mager, Denis"]
[Result "1/2-1/2"]
[WhiteElo "2349"]
[BlackElo "2272"]
[PlyCount "51"]
[EventDate "2016.??.??"]

1. d4 d5 2. c4 c6 3. Nf3 Nf6 4. Qc2 dxc4 5. Qxc4 Bg4 6. Nbd2 Nbd7 7. g3 e6 8.
Bg2 Be7 9. O-O O-O 10. b3 Rc8 11. Bb2 c5 12. Qb5 Qc7 13. Rac1 a6 14. Qd3 b5 15.
dxc5 Nxc5 16. Qb1 Qb8 17. Be5 Bd6 18. Bxf6 gxf6 19. Ne4 Nxe4 20. Qxe4 Bf5 21.
Qh4 Be5 22. Nd4 Bxd4 23. Qxd4 e5 24. Qe3 Rxc1 25. Rxc1 Rc8 26. h4 1/2-1/2

[Event "BL 1617 USV TU Dresden - OSG Baden Bade"]
[Site "?"]
[Date "2016.11.20"]
[Round "4.1"]
[White "Svidler, Peter"]
[Black "Eljanov, Pavel"]
[Result "1/2-1/2"]
[WhiteElo "2742"]
[BlackElo "2757"]
[PlyCount "41"]
[EventDate "2016.??.??"]

1. e4 e5 2. Nf3 Nc6 3. Bb5 Nf6 4. d3 Bc5 5. c3 O-O 6. O-O d5 7. exd5 Qxd5 8.
Bc4 Qd8 9. b4 Be7 10. Nbd2 Bf5 11. Qc2 a6 12. a4 Nd5 13. Ne4 Bg4 14. Qd1 Kh8
15. Qb3 Nf4 16. Bxf4 Bxf3 17. Be3 Be2 18. Rfe1 Bxd3 19. Bxd3 Qxd3 20. Nc5 Qg6
21. Nxb7 1/2-1/2